000
00327nam a2200133Ia 4500
008
231129s1997||||xx |||||||||||||| ||spa||
020
_a
958-07-1090-2
040
_b
spa
082
_a
Ch863.08 C574
245
0
_a
5 cuentos chilenos
260
_c
1997
264
_a
Edilux
942
_2
ddc
_c
BKS
999
_c
4249
_d
4249